Monitoring Report (Record no. 6854)

MARC details
000 -LEADER
fixed length control field 00343nas a22001697i 4500
001 - CONTROL NUMBER
control field 8186
003 - CONTROL NUMBER IDENTIFIER
control field OSt
005 - DATE AND TIME OF LATEST TRANSACTION
control field 20170126082407.0
007 - PHYSICAL DESCRIPTION FIXED FIELD--GENERAL INFORMATION
fixed length control field tu
008 - FIXED-LENGTH DATA ELEMENTS--GENERAL INFORMATION
fixed length control field 161220s xxu||||| |||| 00| 0 d
024 7# - OTHER STANDARD IDENTIFIER
Standard number or code 8186
Source of number or code RID
040 ## - CATALOGING SOURCE
Transcribing agency OSt
110 2# - MAIN ENTRY--CORPORATE NAME
Corporate name or jurisdiction name as entry element Wirtschaftskammer Österreich
245 00 - TITLE STATEMENT
Title Monitoring Report
260 ## - PUBLICATION, DISTRIBUTION, ETC.
Place of publication, distribution, etc. Wien.
910 2# - USER-OPTION DATA (OCLC)
User-option data WKO
942 ## - ADDED ENTRY ELEMENTS (KOHA)
Koha item type Periodical
Holdings
Withdrawn status Lost status Damaged status Not for loan Home library Current library Shelving location Date acquired Serial Enumeration / chronology Inventory number Total Checkouts Barcode Date last seen Price effective from Koha item type
        WIIW WIIW Library 06/18/2012 2012 8186   10004469 01/26/2017 01/26/2017 Periodical
        WIIW WIIW Library 06/26/2012 2010/2011 8186   10004544 01/26/2017 01/26/2017 Periodical
The Vienna Instiute for International Economic Studies (wiiw)